V.: Un viaje vertical para ver Valparaíso.

Guardado en:
Detalles Bibliográficos
Autor principal: Valbuena, Juan (autor)
Formato: Libro
Lenguaje:inglés
Publicado: [Valparaíso, Chile]: FIFV Ediciones, [200-?].
Materias:
Etiquetas: Agregar Etiqueta
Sin Etiquetas, Sea el primero en etiquetar este registro!

MARC

LEADER 00000nam a22000007a 4500
003 CL-VaPUC
005 20250407202501.0
008 250324t ||||| |||| 00| 0 eng d
999 |c 447617  |d 447615 
040 |c Pontificia Universidad Católica de Valparaíso 
082 |a 779 VAL [200-?] 
100 |9 897448  |a Valbuena, Juan  |e autor 
245 |a V.:  |b Un viaje vertical para ver Valparaíso. 
260 |a [Valparaíso, Chile]:  |b FIFV Ediciones,  |c [200-?]. 
300 |a sin numeración:  |b fotografías. 
500 |a c.1. Instituto Arcos.08-01-2025. 
583 |c 20250324  |k Gabriela Rodríguez Cuevas 
650 0 |9 882914  |a Fotografos chilenos  |x Obras ilustradas 
651 0 |9 261144  |a Valparaíso, Chile  |x Fotografías 
942 |2 ddc  |c BK  |n 0 
952 |0 0  |1 0  |2 ddc  |4 0  |6 779_000000000000000_VAL_200  |7 0  |8 A  |9 601832  |a BIBINC  |b BIBINC  |d 2025-03-24  |e Instituto Arcos  |i 5666713  |o 779 VAL [200-?]  |p 5666713  |r 2025-03-24  |t 1  |w 2025-03-24  |y BK  |k IFP